00953cam a2200289 a 45000010005000000030008000050050017000130080041000300200018000710200015000890350018001040400048001220410008001700820025001781000035002032450089002382460054003272500014003812600061003953000030004565040051004866500017005376500023005546500026005776500028006037000032006313678BD-RjUL20211208233753.0131219s2005 ii b 001 0 eng d a9780195654509 a0195654501 a(BD-RjUL)3712 dPPT-LdCLSU-ldMBU-LaBD-RjULbengcBD-RjUL aeng a340.590954bFYC 20051 aFyzee, Asaf Ali Asghar,d1899-10aCases in the Muhammadan law of India, Pakistan and Bangladesh /cby Asaf A.A. Fyzee.30aMuhammadan law of India, Pakistan and Bangladesh. a2nd ed. / aNew Delhi ;aNew York :bOxford University Press,c2005. axxxviii, 458 p. ;c23 cm. aIncludes bibliographical references and index. 0aIslamic law. 0aLawzIndiavCases. 0aLawzPakistanvCases. 0aLawzBangladeshvCases.1 aMahmood, Syed Tahir,d1941-